00489nam a2200193 a 4500001001300000003000900013005001700022008004100039020001000080082001500090100001900105245002400124260003500148300000900183500003500192505001300227650003600240700001900276nice12345678IN_TiNIC20260116012040.0050524s1967 newa grp 000 0 eng  ac14700a241.4bBOS aBosley, Harold aCharacter of Christ aNew YorkbAbingdon Pressc1967 a143p aincludes index and biblioraphy2 aAppendix aJesus Christ-Person and Offices1 aBosley, Harold